Statystyki dla Pikselowe Krajowe Kształty #2

Kliknij tutaj aby rozwiązać quiz!

Ogólne statystyki

  • Ten quiz został rozwiązany 29 razy
  • Średni wynik to 11 z 15

Statystyki odpowiedzi

kraj% Poprawnych
Grecja
96%
Brazylia
92%
Chiny
92%
Francja
92%
Indie
92%
Norwegia
92%
Nowa Zelandia
88%
Meksyk
84%
Maroko
76%
Południowa Afryka
76%
Filipiny
72%
Tajlandia
72%
Oman
48%
Trynidad i Tobago
40%
Bahamy
36%

Rozkład punktacji

Percentyl według liczby udzielonych odpowiedzi

Procent ludzi z każdym wynikiem

Twoja historia wyników

Nie rozwiązałeś tego quizu